000
00292nam a22001337a 4500
008
171020b xxu||||| |||| 00| 0 eng d
020
_a
9780547014562
041
_a
eng
080
_a
338
100
_a
54
101
_a
MNG
245
_a
LAUNCHING NEW VENTURES
_c
ALLEN, K.R
942
_2
udc
_c
BK
999
_c
35164
_d
35164